Comedy Series Set in New York Quiz Stats

 Plays Quiz Updated Mar 22, 2016

Also try: NYC on TV
Challenge
Share
Tweet
Score 0/20 Timer 06:00
5 Plays Today
% Correct
Friends
99.7%
How I Met Your Mother
97.2%
Seinfeld
94.5%
2 Broke Girls
94.2%
30 Rock
91.5%
Sex and the City
89.2%
Ugly Betty
86.5%
I Love Lucy
85.2%
Will & Grace
79.2%
Taxi
72.1%
% Correct
Brooklyn Nine-Nine
70.3%
The Jeffersons
67.7%
All in the Family
67%
The Dick Van Dyke Show
65.8%
Mad About You
60.6%
Louie
55.3%
Unbreakable Kimmy Schmidt
50.6%
Just Shoot Me!
48.6%
Broad City
27.2%
Bored to Death
11.5%

You're not logged in!

Compare scores with friends on all Sporcle quizzes.
OR
Log In

You Might Also Like...

Show Comments

Extras

Top Quizzes Today


Score Distribution

Your Account Isn't Verified!

In order to create a playlist on Sporcle, you need to verify the email address you used during registration. Go to your Sporcle Settings to finish the process.

Report this User

Report this user for behavior that violates our Community Guidelines.

Details: